000 01263nam a2200349Ia 4500
001 ebr10660377
003 CaPaEBR
006 m u
007 cr cn|||||||||
008 081125s2009 nyu sb 001 0 eng d
010 _z 2008050318
020 _z1606927094 (hardcover)
020 _z9781600213120
020 _z9781606927090 (hardcover)
020 _z9781608765140
020 _z9781608766864
040 _aCaPaEBR
_cCaPaEBR
035 _a(OCoLC)761310248
050 1 4 _aBF1141
_b.B34 2009eb
082 0 4 _a154.7
_222
100 1 _aBarrios, Alfred A.
245 1 0 _aUnderstanding hypnosis
_h[electronic resource] :
_btheory, scope and potential /
_cAlfred A. Barrios.
260 _aNew York :
_bNova Science Publishers,
_cc2009.
300 _axii, 147 p.
504 _aIncludes bibliographical references and index.
533 _aElectronic reproduction.
_bPalo Alto, Calif. :
_cebrary,
_d2013.
_nAvailable via World Wide Web.
_nAccess may be limited to ebrary affiliated libraries.
650 0 _aHypnotism.
650 0 _aTrance.
655 7 _aElectronic books.
_2local
710 2 _aebrary, Inc.
856 4 0 _uhttp://site.ebrary.com/lib/rucke/Doc?id=10660377
_zAn electronic book accessible through the World Wide Web; click to view
999 _c67684
_d67684